Studies on litter characterization using 13C NMR and assessment of microbial avtivity in natural forest and plantation crops (teak and rubber) soil ecosystems of Kerala, India (Record no. 69604)

MARC details
000 -LEADER
fixed length control field 00578nam a2200181Ia 4500
100 ## - MAIN ENTRY--AUTHOR NAME
Personal name Abraham J
245 #0 - TITLE STATEMENT
Title Studies on litter characterization using 13C NMR and assessment of microbial avtivity in natural forest and plantation crops (teak and rubber) soil ecosystems of Kerala, India
260 ## - PUBLICATION, DISTRIBUTION, ETC. (IMPRINT)
Name of publisher Plant and Soil
Year of publication 2008
300 ## - PHYSICAL DESCRIPTION
Number of Pages 265-273
520 ## - SUMMARY, ETC.
Summary, etc DL
650 ## - SUBJECT ADDED ENTRY--TOPICAL TERM
Topical Term 13C NMR
650 ## - SUBJECT ADDED ENTRY--TOPICAL TERM
Topical Term Litter quality
650 ## - SUBJECT ADDED ENTRY--TOPICAL TERM
Topical Term Microbial activity
650 ## - SUBJECT ADDED ENTRY--TOPICAL TERM
Topical Term Soil organic matter
700 ## - ADDED ENTRY--PERSONAL NAME
Personal name Chudek J A
942 ## - ADDED ENTRY ELEMENTS (KOHA)
Koha item type Journals
Holdings
Withdrawn status Lost status Damaged status Not for loan Home library Current library Shelving location Date acquired Serial Enumeration / chronology Koha item type
      Journals RRII Library RRII Library Agronomy 17/04/2008 Volume 303, Issue Journals